<?xml version="1.0" encoding="UTF-8"?>
<record
    xmlns:xsi="http://www.w3.org/2001/XMLSchema-instance"
    xsi:schemaLocation="http://www.loc.gov/MARC21/slim http://www.loc.gov/standards/marcxml/schema/MARC21slim.xsd"
    xmlns="http://www.loc.gov/MARC21/slim">

  <leader>00680nam a2200229 a 4500</leader>
  <controlfield tag="001">BRCA_6171</controlfield>
  <controlfield tag="005">20190320205346.0</controlfield>
  <controlfield tag="008">070711s1901----nyua######---#000-0#eng-#</controlfield>
  <datafield tag="041" ind1=" " ind2=" ">
    <subfield code="a">eng</subfield>
  </datafield>
  <datafield tag="044" ind1=" " ind2=" ">
    <subfield code="a">nyu</subfield>
  </datafield>
  <datafield tag="050" ind1=" " ind2="4">
    <subfield code="a">PZ3</subfield>
    <subfield code="b">.T835 Gi</subfield>
    <subfield code="c">1901</subfield>
  </datafield>
  <datafield tag="100" ind1="1" ind2=" ">
    <subfield code="a">Twain, Mark</subfield>
    <subfield code="d">1835-1910.</subfield>
    <subfield code="9">15546</subfield>
  </datafield>
  <datafield tag="245" ind1="1" ind2="0">
    <subfield code="a">The gilded age</subfield>
    <subfield code="b">a Tale of To=day</subfield>
    <subfield code="c">by Mark Twain and Charles Dudley Warner.</subfield>
  </datafield>
  <datafield tag="260" ind1=" " ind2=" ">
    <subfield code="a">Nueva York</subfield>
    <subfield code="b">Harper</subfield>
    <subfield code="c">c1901</subfield>
  </datafield>
  <datafield tag="300" ind1=" " ind2=" ">
    <subfield code="a">2 tomos en 1 vol&#xFA;men.</subfield>
    <subfield code="b">il.</subfield>
    <subfield code="c">20 cm.</subfield>
  </datafield>
  <datafield tag="500" ind1=" " ind2=" ">
    <subfield code="a">Incluye lista de ilustraciones</subfield>
  </datafield>
  <datafield tag="500" ind1=" " ind2=" ">
    <subfield code="a">K54</subfield>
  </datafield>
  <datafield tag="650" ind1="1" ind2="4">
    <subfield code="a">Literatura estadounidense</subfield>
    <subfield code="9">15547</subfield>
  </datafield>
  <datafield tag="700" ind1="1" ind2=" ">
    <subfield code="a">Warner,Charles Dudley</subfield>
    <subfield code="f">1829-1900</subfield>
    <subfield code="9">15548</subfield>
  </datafield>
  <datafield tag="902" ind1=" " ind2=" ">
    <subfield code="a">GFM</subfield>
  </datafield>
  <datafield tag="942" ind1=" " ind2=" ">
    <subfield code="2">lcc</subfield>
    <subfield code="c">B</subfield>
  </datafield>
  <datafield tag="999" ind1=" " ind2=" ">
    <subfield code="c">5858</subfield>
    <subfield code="d">5858</subfield>
  </datafield>
  <datafield tag="952" ind1=" " ind2=" ">
    <subfield code="0">0</subfield>
    <subfield code="1">0</subfield>
    <subfield code="4">0</subfield>
    <subfield code="7">0</subfield>
    <subfield code="a">BRCA</subfield>
    <subfield code="b">BRCA</subfield>
    <subfield code="d">2011-07-07</subfield>
    <subfield code="i">K54</subfield>
    <subfield code="l">0</subfield>
    <subfield code="o">PZ3 .T835 Gi 1901 (K54)</subfield>
    <subfield code="p">6610</subfield>
    <subfield code="r">2019-03-22 00:00:00</subfield>
    <subfield code="w">2019-03-22</subfield>
    <subfield code="y">B</subfield>
  </datafield>
</record>
